000 00342nam a2200145Ia 4500
008 191201s2003 xx 000 0 und d
082 _a003.320
_bLAS
100 _aLAW, Averill M
245 0 _aSimulation Modeling and Analysis
250 _a3rd
260 _aN.Delhi
_bTMH
_c2003
300 _a760
650 _aB.Tech(CSE)
942 _2ddc
_cBK
999 _c1554
_d1554